000 00631cam a2200169 i 4500
005 20251117092111.0
008 250721s2000 ye gr 000 0 ara d
082 1 4 _a210.428085
_bخ م س
245 1 0 _aخمسون خطبة للجمع والأعياد /
_cجمعه ورتبه عبدالله الغالبي, علي محمد فارع الحمزي.
250 _aالطبعة الاولى.
264 3 1 _aصنعاء :
_bمركز أهل البيت للدراسات،
_c2000.
300 _a421 صفحة.
650 1 7 _aالخطب الدينية.
700 1 _aالحمزي، علي
_eجمع.
942 _2ddc
_cBK
999 _c48515
_d48515